| 000 | 00493nam a2200181Ia 4500 | ||
|---|---|---|---|
| 005 | 20250508150740.0 | ||
| 008 | 008 250505s9999 xx 000 0 eng d | ||
| 020 | _a81-85126-54-2 | ||
| 037 | _aTextual | ||
| 040 |
_aFEDL _beng _cFEDL |
||
| 041 |
_aeng _2eng |
||
| 084 |
_a954, GER _qFEDL |
||
| 245 | 0 | _aPageant of India's history, V 1 | |
| 260 |
_aNew York, USA _bLongmans, Green and Co _c1948 |
||
| 300 | _axii,431p | ||
| 942 |
_cTEXL _h954, GER |
||
| 999 |
_c1325429 _d1325429 |
||